000 00950nam a2200301Ia 4500
003 OSt
005 20220912145052.0
006 a|||||r|||| 00| 0
007 ta
008 220909b |||||||| |||| 00| 0 eng d
020 _a9781846288425 (pbk)
024 _a81471
037 _b1439, 21/07/2008, New India Book Agency
037 _cTextbook
040 _aCSL
_beng
_cCSL
041 _aeng
082 _aD65,8(B)92, P7 TD
100 _aKifer Michael
245 0 _aIntroduction to operating system design and implementation:the osp 2 approach
260 _aLondon
_bSpringer
_c2007
300 _axii, 172p.
_ccm.
490 _aUndergraduate topics in computer science
500 _aIndex 167-171p.
650 _aComputer Science
700 _a Smolka Scott A
942 _hD65,8(B)92, P7 TD
_cTB
_2CC
999 _c22300
_d22300